000 01258cam a2200217 4500
001 ABS65362
008 020507n2002 000 0 eng u
035 _a(Sirsi) u117845
100 _aRedmond, J
245 _aWithin reasons
260 _c2002
490 _aBuilding
_v267(8229) 12 April 2002, 47(1)
520 _aQuestions if, when adjudicator's decision comprises several conclusions, they all count as binding decisions, or are they reasons. Adjudicator urged to consider carefully if notice of adjudication lists number of disputed matters, whether there is one dispute of several, and if they have jurisdiction over them all. One dispute with different facets should have only one decision, and remainder are reasons. If several disputes, and rules permit, several decisions can be binding until revisited in arbitration or litigation.
590 _aABS
650 _aMANAGEMENT-DISPUTE AVOIDANCE, MANAGEMENT AND RESOLUTION-DISPUTE MANAGEMENT AND RESOLUTION-ALTERNATIVE DISPUTE RESOLUTION-ADJUDICATION
650 _aBARR LTD V LAW MINING LTD
650 _aMCLEAN V SWANSEA
650 _aSCHEME FOR CONSTRUCTION CONTRACTS
690 _aMANGEMENT-DISPUTE AVOIDANCE, MANAGEMENT AND RESOLUTION-DISPUTE MANAGEMENT AND RESOLUTION
942 _n0
999 _c70172
_d70172